| 000 | 01238cam3a220031301 4500 | ||
|---|---|---|---|
| 001 | lce00751589 | ||
| 005 | 20190830092123.0 | ||
| 008 | 690811s1967 onc b 001 0 eng | ||
| 010 | _a 71400300 //r913 | ||
| 015 | _aC*** | ||
| 020 | _cunpriced | ||
| 035 | _a(Sirsi) r64642 | ||
| 035 | _a(DLC) 71400300 //r913 | ||
| 035 | _a(UPRA)lce00751589 | ||
| 040 |
_aDLC _cDLC _dDLC _dUPRA |
||
| 050 | 0 | 0 |
_aZ7721 _b.P6 _aGT2884 |
| 082 | 0 | 0 | _a016.301/47/686/1 |
| 100 | 1 |
_aPopham, Robert E. _6A24552.1 |
|
| 245 | 1 | 0 |
_aCulture and alcohol use : _ba bibliography of anthropological studies / _ccompiled by Robert E. Popham and Carole D. Yawney. |
| 250 | _a2nd ed. | ||
| 260 |
_aToronto : _bAddiction Research Foundation, _c1967. |
||
| 490 | 1 | _aAddiction Research Foundation. Bibliographic series, no. 1 | |
| 650 | 0 |
_aDrinking customs -- Bibliography. _xDrinking customs -- Bibliography. _6S17733.1 |
|
| 650 | 0 |
_aDrinking of alcoholic beverages -- Bibliography. _xDrinking of alcoholic beverages -- Bibliography. _6S17734.1 |
|
| 700 | 1 |
_aYawney, Carole D. _6A24553.1 |
|
| 830 | 0 |
_aBibliographic series (Addiction Research Foundation of Ontario) ; _vno. 1. _6S4669.1 |
|
| 949 |
_aZ7721 _wlcc _i-86261 _mMAIN _tBOOK _lON-SHELF |
||
| 004 | 64642 | ||
| 999 |
_c179105 _d179105 |
||